Państwa, którym Wielka Brytania wypowiedziała wojnę - Statystyki

Ogólne statystyki
  • Ten quiz został rozwiązany 85 razy
  • Średni wynik to 10 z 14
Statystyki odpowiedzi
Państwo % Poprawnych
Francja
97%
Niemcy
97%
Rosja
96%
Włochy
93%
Hiszpania
85%
Japonia
84%
Bułgaria
69%
Austro-Węgry
65%
Rumunia
65%
Węgry
61%
Republika Zjednoczonych Prowincji
54%
Imperium Osmańskie
47%
Finlandia
39%
Tajlandia
23%
Nie znaleziono quizów pasujących do podanych kryteriów
Rozkład punktacji
Procent ludzi z każdym wynikiem
Percentyl według liczby udzielonych odpowiedzi
Twoja historia wyników
Nie rozwiązałeś tego quizu